[Event "PSV Duisburg 1 - SK Münster 1"]
[Site "NRW-Klasse, Gruppe 1 2016/201"]
[Date "2017.05.21"]
[Round "9.8"]
[White "Hehlke, Oliver"]
[Black "Rott, Georg"]
[Result "0-1"]
[WhiteElo "1801"]
[BlackElo "2096"]
[PlyCount "122"]
[EventDate "2017.??.??"]
[WhiteTeam "PSV Duisburg 1"]
[BlackTeam "SK Münster 1"]

1. d4 d5 2. c4 c6 3. e3 Nf6 4. Nc3 Bf5 5. Nf3 e6 6. Be2 Nbd7 7. O-O Bd6 8. b3
O-O 9. Bb2 h6 10. Bd3 Ne4 11. Ne1 Ndf6 12. h3 Bc7 13. Ne2 Qd6 14. Nf3 Rfe8 15.
Ne5 dxc4 16. bxc4 Qb4 17. Qc2 Rad8 18. a3 Qd2 19. Qb1 Qa5 20. Rd1 Bxe5 21. dxe5
Nd2 22. Bc3 Nxb1 23. Bxa5 b6 24. Raxb1 Bxd3 25. Rxd3 Rxd3 26. Bxb6 Nd7 27. Bxa7
Rxa3 28. Bd4 c5 29. Bc3 Rb8 30. Rd1 Nb6 31. Rb1 Nd7 32. Rd1 Rb7 33. Rc1 Rab3
34. Kh2 Nb6 35. Ba5 Rb2 36. Nf4 Nd7 37. Nd3 Rb1 38. Rc2 Rd1 39. Nb2 Ra1 40. Bc3
Ra2 41. Rd2 Kf8 42. Rd6 Ke7 43. Nd3 Rc2 44. Ba5 Rxc4 45. Rc6 Ra7 46. Bc7 Ra2
47. Bd6+ Kd8 48. Bc7+ Ke8 49. Bd6 Ra8 50. Nf4 g6 51. Kg3 Rca4 52. Kf3 c4 53.
Ne2 R4a5 54. Ke4 f5+ 55. Kd4 Rd5+ 56. Kxc4 Nxe5+ 57. Bxe5 Rxe5 58. Nf4 Kf7 59.
Rc7+ Kf6 60. Rh7 h5 61. Rh6 Re4+ 0-1

[Event "SF Neuenkirchen 1 - SF Katernberg 2"]
[Site "NRW-Klasse, Gruppe 1 2016/201"]
[Date "2017.05.21"]
[Round "9.1"]
[White "Wessendorf, Thomas"]
[Black "Wilde, Pierre"]
[Result "1-0"]
[WhiteElo "2210"]
[BlackElo "2241"]
[PlyCount "41"]
[EventDate "2017.??.??"]
[WhiteTeam "SF Katernberg 2"]
[BlackTeam "SF Neuenkirchen 1"]

1. e4 e6 2. d4 d5 3. Nd2 c5 4. exd5 Qxd5 5. Ngf3 cxd4 6. Bc4 Qd6 7. O-O Nf6 8.
Nb3 Nc6 9. Nbxd4 Nxd4 10. Nxd4 Bd7 11. Re1 Qc7 12. Bf1 O-O-O 13. Qf3 Bd6 14. g3
h6 15. a4 a6 16. Bxa6 bxa6 17. Qa8+ Qb8 18. Qxa6+ Kc7 19. Ra3 Be8 20. Rc3+ Kd7
21. Nf5 1-0

[Event "SF Neuenkirchen 1 - SF Katernberg 2"]
[Site "NRW-Klasse, Gruppe 1 2016/201"]
[Date "2017.05.21"]
[Round "9.2"]
[White "Buendgen, Achim"]
[Black "Gassmann, Volker"]
[Result "0-1"]
[WhiteElo "2119"]
[BlackElo "2087"]
[PlyCount "130"]
[EventDate "2017.??.??"]
[WhiteTeam "SF Neuenkirchen 1"]
[BlackTeam "SF Katernberg 2"]

1. d4 c5 2. c3 b6 3. e4 e6 4. Nf3 Bb7 5. Bd3 Nf6 6. Qe2 Be7 7. O-O d5 8. e5 Ne4
9. Nbd2 Nxd2 10. Bxd2 Nc6 11. a3 a5 12. Be3 c4 13. Bc2 a4 14. Nd2 h6 15. f4 g6
16. g4 Qd7 17. Rae1 b5 18. f5 gxf5 19. gxf5 O-O-O 20. fxe6 fxe6 21. Qh5 Rdg8+
22. Kh1 Bg5 23. Nf3 Kb8 24. Bf2 Bc8 25. Bg3 Qd8 26. Nh4 Bd7 27. Bg6 Ne7 28. Bf7
Be8 29. Bxe8 Qxe8 30. Qxe8+ Rxe8 31. Rf7 Bxh4 32. Bxh4 Nf5 33. Bf6 Rhg8 34. Rg1
Rxg1+ 35. Kxg1 Rg8+ 36. Kf2 Rg4 37. Rf8+ Kc7 38. Re8 Rf4+ 39. Ke2 Rg4 40. Kf2
Rf4+ 41. Kg2 Kd7 42. Rd8+ Kc7 43. Ra8 Re4 44. Kf2 Rf4+ 45. Ke2 Rg4 46. Kf3 Rg1
47. Ra6 Rb1 48. Rxe6 Rxb2 49. Kf4 Rf2+ 50. Kg4 b4 51. axb4 Kb7 52. b5 a3 53.
Ra6 a2 54. Bh4 Ne3+ 55. Kh3 Re2 56. Bg3 Nd1 57. e6 Rxe6 58. Rxa2 Nxc3 59. Rb2
Kb6 60. Be5 Nxb5 61. Kg4 c3 62. Rc2 Ka5 63. Kf3 Kb4 64. Rc1 Kc4 65. Ke3 Nxd4
0-1

[Event "SF Neuenkirchen 1 - SF Katernberg 2"]
[Site "NRW-Klasse, Gruppe 1 2016/201"]
[Date "2017.05.21"]
[Round "9.3"]
[White "Villwock, Martin"]
[Black "Haves, Reinhard"]
[Result "1-0"]
[WhiteElo "2043"]
[BlackElo "2088"]
[PlyCount "61"]
[EventDate "2017.??.??"]
[WhiteTeam "SF Katernberg 2"]
[BlackTeam "SF Neuenkirchen 1"]

1. e4 g6 2. d4 Bg7 3. Nc3 d6 4. f4 c5 5. dxc5 Qa5 6. cxd6 Nc6 7. Bd2 Qb4 8. Bd3
Qxd6 9. Nf3 Bg4 10. h3 Bxf3 11. Qxf3 e5 12. f5 gxf5 13. Qxf5 Nge7 14. Qg4 Bh6
15. O-O-O Rd8 16. Rhf1 Qg6 17. Qh4 Bxd2+ 18. Rxd2 h6 19. Rdf2 Rf8 20. Nd5 Rd6
21. Rf6 Rxf6 22. Nxf6+ Kd8 23. Qf2 Kc8 24. Qc5 Rd8 25. Nd5 Rd7 26. Bb5 Qg5+ 27.
Kb1 Qxg2 28. Nxe7+ Rxe7 29. Rg1 Qh2 30. Bxc6 bxc6 31. Qxc6+ 1-0

[Event "SF Neuenkirchen 1 - SF Katernberg 2"]
[Site "NRW-Klasse, Gruppe 1 2016/201"]
[Date "2017.05.21"]
[Round "9.4"]
[White "Vos, Thomas"]
[Black "Mueller-Clostermann, Bruno"]
[Result "1/2-1/2"]
[WhiteElo "2166"]
[BlackElo "1992"]
[PlyCount "89"]
[EventDate "2017.??.??"]
[WhiteTeam "SF Neuenkirchen 1"]
[BlackTeam "SF Katernberg 2"]

1. d4 d6 2. Bf4 g6 3. Nc3 Bg7 4. Qd2 Nd7 5. e4 c5 6. Nf3 cxd4 7. Nxd4 a6 8. Bg5
Ngf6 9. O-O-O Nc5 10. f3 Ne6 11. Be3 Nxd4 12. Bxd4 Qa5 13. Bc4 Be6 14. Bxe6
fxe6 15. Rhe1 e5 16. Be3 Rc8 17. g4 b5 18. Kb1 O-O 19. h4 b4 20. Ne2 Nd7 21. h5
Rxf3 22. hxg6 hxg6 23. Nc1 Nf6 24. Bh6 Rh3 25. Bxg7 Kxg7 26. Qg2 Rhh8 27. g5
Nh5 28. Nd3 Qb6 29. Qg4 Rhf8 30. Qe6 Rc7 31. Nxe5 Nf4 32. Nd7 Qc6 33. Nxf8
Qxc2+ 34. Ka1 Nxe6 35. Nxe6+ Kf7 36. Nxc7 Qxc7 37. Rd5 Qc4 38. Kb1 Ke6 39. Rdd1
a5 40. b3 Qc3 41. Re2 Qf3 42. Ree1 Qg3 43. Rg1 Qe3 44. Rde1 Qd3+ 45. Kb2
1/2-1/2

[Event "SF Neuenkirchen 1 - SF Katernberg 2"]
[Site "NRW-Klasse, Gruppe 1 2016/201"]
[Date "2017.05.21"]
[Round "9.5"]
[White "Stratmann, Holger"]
[Black "Hachmeister, Dirk"]
[Result "0-1"]
[WhiteElo "1997"]
[BlackElo "2143"]
[PlyCount "78"]
[EventDate "2017.??.??"]
[WhiteTeam "SF Katernberg 2"]
[BlackTeam "SF Neuenkirchen 1"]

1. d4 Nf6 2. Nf3 d6 3. g3 Bg4 4. Bg2 c6 5. h3 Bh5 6. O-O Nbd7 7. c4 e5 8. dxe5
dxe5 9. Nc3 Bb4 10. a3 Bxc3 11. bxc3 O-O 12. Ra2 Re8 13. Be3 Ne4 14. Qc2 Bg6
15. Qb3 Ndc5 16. Bxc5 Nxc5 17. Qb4 Qe7 18. Nh4 Red8 19. Nxg6 hxg6 20. a4 a5 21.
Qa3 Rd7 22. Rb2 Rad8 23. Rfb1 e4 24. e3 Qe5 25. Bf1 f5 26. h4 Kh7 27. Kg2 Rd1
28. Be2 Rxb1 29. Rxb1 Rd2 30. Rb2 Rd7 31. Kf1 Rd8 32. Kg1 Kh6 33. Kf1 g5 34.
hxg5+ Kxg5 35. Kg2 g6 36. Rb1 Kf6 37. Rh1 Rd2 38. Bd1 Kg7 39. Qc1 Rxf2+ 0-1

[Event "SF Neuenkirchen 1 - SF Katernberg 2"]
[Site "NRW-Klasse, Gruppe 1 2016/201"]
[Date "2017.05.21"]
[Round "9.6"]
[White "Seegers, Hendrik"]
[Black "Schimnatkowski, Lukas"]
[Result "1/2-1/2"]
[WhiteElo "2109"]
[BlackElo "2047"]
[PlyCount "56"]
[EventDate "2017.??.??"]
[WhiteTeam "SF Neuenkirchen 1"]
[BlackTeam "SF Katernberg 2"]

1. d4 c5 2. c3 Nf6 3. Nf3 Qa5 4. Nbd2 cxd4 5. Nb3 Qa4 6. Nfxd4 e5 7. Nf3 Nc6 8.
g3 d5 9. Bg2 h6 10. O-O Be6 11. Nbd2 Qa5 12. Re1 Rd8 13. Qc2 Be7 14. e3 O-O 15.
Rd1 Rc8 16. Nb3 Qb6 17. Qe2 a5 18. h3 Rfd8 19. Nbd2 Bc5 20. b3 d4 21. cxd4 exd4
22. Nf1 a4 23. exd4 Nxd4 24. Nxd4 Bxd4 25. Be3 Bxe3 26. Qxe3 Qxe3 27. Nxe3 axb3
28. axb3 Bxb3 1/2-1/2

[Event "SF Neuenkirchen 1 - SF Katernberg 2"]
[Site "NRW-Klasse, Gruppe 1 2016/201"]
[Date "2017.05.21"]
[Round "9.7"]
[White "Heldt, Maximilian"]
[Black "Scho, Christian"]
[Result "1/2-1/2"]
[WhiteElo "2098"]
[BlackElo "2063"]
[PlyCount "92"]
[EventDate "2017.??.??"]
[WhiteTeam "SF Katernberg 2"]
[BlackTeam "SF Neuenkirchen 1"]

1. c4 c6 2. e4 e5 3. Nc3 Nf6 4. Nf3 Bb4 5. d3 Bxc3+ 6. bxc3 d6 7. Be2 Qa5 8.
Qc2 O-O 9. O-O Re8 10. Nd2 d5 11. Nb3 Qd8 12. cxd5 cxd5 13. Bg5 dxe4 14. dxe4
h6 15. Bh4 Nbd7 16. Bb5 a6 17. Bxd7 Bxd7 18. Rfd1 g5 19. Bg3 Qe7 20. f3 Rac8
21. Qd2 Bb5 22. h4 Nh5 23. Bh2 Red8 24. Qe3 Nf4 25. hxg5 hxg5 26. Bxf4 gxf4 27.
Qe1 Qf6 28. Rxd8+ Qxd8 29. Rc1 Rc6 30. Nd2 Rd6 31. Nf1 Bxf1 32. Qxf1 Qb6+ 33.
Qf2 Qxf2+ 34. Kxf2 Rd2+ 35. Kg1 Rxa2 36. c4 Kg7 37. Rb1 Rc2 38. Rxb7 Rxc4 39.
Ra7 Rc6 40. Kh2 Rh6+ 41. Kg1 Rc6 42. Kh2 Kf6 43. g3 fxg3+ 44. Kxg3 Kg6 45. Kg4
Kf6 46. Kh5 Rb6 1/2-1/2

[Event "SF Neuenkirchen 1 - SF Katernberg 2"]
[Site "NRW-Klasse, Gruppe 1 2016/201"]
[Date "2017.05.21"]
[Round "9.8"]
[White "Beckmann, Klaus"]
[Black "Schmitz, Edgar"]
[Result "1/2-1/2"]
[WhiteElo "2072"]
[BlackElo "1880"]
[PlyCount "57"]
[EventDate "2017.??.??"]
[WhiteTeam "SF Neuenkirchen 1"]
[BlackTeam "SF Katernberg 2"]

1. e4 c5 2. Nf3 d6 3. Be2 Nf6 4. c3 g6 5. O-O Bg7 6. Bb5+ Nc6 7. Re1 Bd7 8. d4
a6 9. Bf1 cxd4 10. cxd4 Bg4 11. Nc3 O-O 12. Be3 b5 13. a3 d5 14. e5 Ne4 15. h3
Nxc3 16. bxc3 Bxf3 17. Qxf3 e6 18. a4 b4 19. cxb4 Nxb4 20. Rec1 Rc8 21. Qd1 a5
22. Bb5 Qb6 23. Qd2 Rfd8 24. Bg5 Rxc1+ 25. Rxc1 Rb8 26. Be7 Bf8 27. Bc5 Qb7 28.
Bxf8 Kxf8 29. h4 1/2-1/2

[Event "Bochumer SV 1 - SF Neuenkirchen 1"]
[Site "NRW-Klasse, Gruppe 1 2016/201"]
[Date "2017.03.26"]
[Round "8.1"]
[White "Wilde, Pierre"]
[Black "Zaitsev, Mikhail"]
[Result "1/2-1/2"]
[WhiteElo "2228"]
[BlackElo "2463"]
[PlyCount "37"]
[EventDate "2017.??.??"]
[WhiteTeam "SF Neuenkirchen 1"]
[BlackTeam "Bochumer SV 1"]

1. c4 e5 2. g3 Nf6 3. Bg2 Bd6 4. Nc3 O-O 5. Nf3 Re8 6. O-O h6 7. d4 exd4 8.
Nxd4 Nc6 9. Ndb5 Be5 10. f4 Bxc3 11. Nxc3 d6 12. e4 Bd7 13. b3 a6 14. Re1 Rb8
15. Bb2 Nh7 16. Rc1 Ne7 17. Nd5 Nxd5 18. cxd5 Rc8 19. Qd4 1/2-1/2

[Event "Bochumer SV 1 - SF Neuenkirchen 1"]
[Site "NRW-Klasse, Gruppe 1 2016/201"]
[Date "2017.03.26"]
[Round "8.2"]
[White "Zatonskih, Anna"]
[Black "Buendgen, Achim"]
[Result "1/2-1/2"]
[WhiteElo "2462"]
[BlackElo "2161"]
[PlyCount "139"]
[EventDate "2017.??.??"]
[WhiteTeam "Bochumer SV 1"]
[BlackTeam "SF Neuenkirchen 1"]

1. Nf3 Nf6 2. c4 c5 3. Nc3 b6 4. e4 d6 5. d4 cxd4 6. Nxd4 Bb7 7. f3 e6 8. Be2
Be7 9. O-O a6 10. Be3 Nbd7 11. Qd2 O-O 12. Rfd1 Rc8 13. Rac1 Qc7 14. Kh1 Qb8
15. Bf1 Rfe8 16. Bf2 Bd8 17. Nc2 Bc7 18. Bg3 Ne5 19. Nb4 Nh5 20. Bf2 h6 21. Be3
Rcd8 22. Qf2 Nd7 23. b3 Nhf6 24. Qh4 Nf8 25. Bg1 Ng6 26. Qf2 Ne7 27. Na4 Nd7
28. Nc3 Qa8 29. Qb2 Nc6 30. Nxc6 Bxc6 31. Bd4 f6 32. Nd5 Qb7 33. Nxc7 Qxc7 34.
Bf2 Ne5 35. Qd4 Nd7 36. Qxd6 Qb7 37. Rd2 Nf8 38. Qxd8 Rxd8 39. Rxd8 Qc7 40.
Rcd1 Kf7 41. R8d2 e5 42. b4 Ba4 43. Rc1 Ne6 44. c5 bxc5 45. Bxc5 Bb5 46. Be2
Bxe2 47. Rxe2 Qd7 48. Rec2 Qd3 49. a4 g5 50. Rc3 Qe2 51. R3c2 Qd3 52. Rc3 Qe2
53. h3 h5 54. R3c2 Qd3 55. Rc3 Qe2 56. Be3 g4 57. hxg4 hxg4 58. fxg4 Qxg4 59.
b5 axb5 60. axb5 Qxe4 61. b6 Nd8 62. Rd1 Nb7 63. Bf2 Qe2 64. Rd7+ Ke6 65. Rxb7
Qxf2 66. Rbc7 Qe1+ 67. Kh2 Qh4+ 68. Kg1 Qe1+ 69. Kh2 Qh4+ 70. Kg1 1/2-1/2

[Event "Bochumer SV 1 - SF Neuenkirchen 1"]
[Site "NRW-Klasse, Gruppe 1 2016/201"]
[Date "2017.03.26"]
[Round "8.3"]
[White "Haves, Reinhard"]
[Black "Illner, Achim"]
[Result "0-1"]
[WhiteElo "2102"]
[BlackElo "2445"]
[PlyCount "180"]
[EventDate "2017.??.??"]
[WhiteTeam "SF Neuenkirchen 1"]
[BlackTeam "Bochumer SV 1"]

1. d4 Nf6 2. Nf3 e6 3. g3 d5 4. Bg2 c5 5. O-O Nc6 6. c4 dxc4 7. Ne5 Bd7 8. Nxc6
Bxc6 9. Bxc6+ bxc6 10. Qa4 cxd4 11. Qxc6+ Nd7 12. Qxc4 Bc5 13. Nd2 Rc8 14. Nb3
O-O 15. Bd2 Ne5 16. Qb5 Qb6 17. Qxb6 Bxb6 18. Rac1 d3 19. exd3 Rxc1 20. Bxc1
Nxd3 21. Be3 Bxe3 22. fxe3 Rc8 23. Rd1 Nxb2 24. Rd7 a6 25. Ra7 Nd1 26. a4 Nxe3
27. Rxa6 h5 28. a5 e5 29. Ra7 Rc2 30. h3 Rg2+ 31. Kh1 Ra2 32. a6 Nf5 33. Nc5
Nxg3+ 34. Kg1 e4 35. Rd7 e3 36. a7 Kh7 37. Rxf7 Ne2+ 38. Kh1 Ng3+ 39. Kg1 Ne2+
40. Kh1 Nd4 41. Nd3 Nc6 42. Rf3 Rxa7 43. Rxe3 Ra3 44. Rf3 Nd4 45. Re3 Nf5 46.
Rf3 Nh4 47. Re3 Ng6 48. Rf3 Nh4 49. Re3 Kh6 50. Kg1 Nf5 51. Rf3 Nd4 52. Re3 g6
53. Kf1 h4 54. Kf2 Kg5 55. Nb4 Ra4 56. Nd5 Ra2+ 57. Kf1 Ra5 58. Re5+ Kh6 59.
Kf2 Ra3 60. Re3 Ra2+ 61. Kg1 Rd2 62. Nf4 g5 63. Ne6 Nf5 64. Rf3 Rd5 65. Ra3 Rd6
66. Nc5 Kh5 67. Ne4 Re6 68. Ra4 Ne3 69. Kf2 Nd5 70. Kf3 Rb6 71. Ra5 Rb3+ 72.
Kf2 Rb2+ 73. Kf3 Rb3+ 74. Kf2 Nf4 75. Nxg5 Kg6 76. Nf3 Nxh3+ 77. Ke2 Nf4+ 78.
Kf2 Rb2+ 79. Ke3 Ng2+ 80. Ke4 Rb4+ 81. Kd3 h3 82. Ke2 Rb2+ 83. Kf1 Ne3+ 84. Kg1
Rg2+ 85. Kh1 Rf2 86. Rg5+ Kf6 87. Rg3 Kf5 88. Rxh3 Kg4 89. Ng1 Nf1 90. Rh8 Ng3#
0-1

[Event "Bochumer SV 1 - SF Neuenkirchen 1"]
[Site "NRW-Klasse, Gruppe 1 2016/201"]
[Date "2017.03.26"]
[Round "8.4"]
[White "Heinbuch, Detlef Ulrich"]
[Black "Hachmeister, Dirk"]
[Result "1/2-1/2"]
[WhiteElo "2247"]
[BlackElo "2147"]
[PlyCount "118"]
[EventDate "2017.??.??"]
[WhiteTeam "Bochumer SV 1"]
[BlackTeam "SF Neuenkirchen 1"]

1. c4 Nf6 2. g3 c5 3. Bg2 e6 4. Nf3 Be7 5. O-O a6 6. d4 cxd4 7. Nxd4 Qc7 8. b3
d6 9. Bb2 Nc6 10. Nc3 Bd7 11. Rc1 Nxd4 12. Qxd4 O-O 13. Rfd1 Rfd8 14. a4 Bf8
15. h3 Rab8 16. e3 Qa5 17. Ba3 Be8 18. b4 Qc7 19. b5 b6 20. bxa6 Qa7 21. Bb7
Rxb7 22. axb7 Qxb7 23. e4 Bc6 24. Rb1 Nxe4 25. Nxe4 Bxe4 26. Rxb6 Qa8 27. Kh2
e5 28. Qe3 Qxa4 29. Re1 Ba8 30. Bb4 Qc2 31. Rc1 Qf5 32. g4 Qg6 33. c5 Be7 34.
Bd2 h6 35. Qe2 Bd5 36. c6 Rc8 37. c7 Kh7 38. Rb8 Be6 39. Be3 d5 40. Rc6 Qe4 41.
f3 Qa4 42. Rxe6 Rxc7 43. Ra6 Rc2 44. Rxa4 Rxe2+ 45. Kg3 Rxe3 46. Rb7 Bf6 47.
Kf2 Rd3 48. Rxf7 Kg6 49. Rd7 d4 50. Rda7 Bh4+ 51. Kg2 Rd2+ 52. Kg1 Kg5 53. Ra2
Rxa2 54. Rxa2 Kf4 55. Ra3 Be7 56. Rb3 e4 57. fxe4 Kxe4 58. Kf2 d3 59. Ke1 Ke3
1/2-1/2

[Event "Bochumer SV 1 - SF Neuenkirchen 1"]
[Site "NRW-Klasse, Gruppe 1 2016/201"]
[Date "2017.03.26"]
[Round "8.5"]
[White "Seegers, Hendrik"]
[Black "Wolter, Detlev"]
[Result "1/2-1/2"]
[WhiteElo "2132"]
[BlackElo "2203"]
[PlyCount "82"]
[EventDate "2017.??.??"]
[WhiteTeam "SF Neuenkirchen 1"]
[BlackTeam "Bochumer SV 1"]

1. d4 g6 2. Nf3 Bg7 3. c4 Nf6 4. Nc3 d6 5. e3 O-O 6. Be2 Nbd7 7. O-O e5 8. dxe5
dxe5 9. b3 Re8 10. Qc2 c6 11. Ba3 e4 12. Nd2 Qa5 13. Bd6 Qf5 14. h3 h5 15. Rac1
Bf8 16. g4 Qe6 17. Bxf8 Nxf8 18. g5 N6h7 19. Qxe4 Qd7 20. Qd4 Qxh3 21. Nde4 Bg4
22. f3 Rad8 23. Qxa7 Bc8 24. Rcd1 Ne6 25. f4 Rxd1 26. Rxd1 Ng7 27. Qb6 c5 28.
Qxc5 Bg4 29. Bf1 Qh4 30. Rd2 Bf3 31. Bg2 Qe1+ 32. Kh2 Qh4+ 33. Kg1 Qe1+ 34. Kh2
Qh4+ 35. Kg1 Bxe4 36. Nxe4 Rxe4 37. Rd8+ Re8 38. Rxe8+ Nxe8 39. Qe7 Qe1+ 40.
Kh2 Qh4+ 41. Kg1 Qe1+ 1/2-1/2

[Event "Bochumer SV 1 - SF Neuenkirchen 1"]
[Site "NRW-Klasse, Gruppe 1 2016/201"]
[Date "2017.03.26"]
[Round "8.6"]
[White "Kiese, Matthias"]
[Black "Rieke, Theo"]
[Result "1/2-1/2"]
[WhiteElo "2179"]
[BlackElo "1940"]
[PlyCount "95"]
[EventDate "2017.??.??"]
[WhiteTeam "Bochumer SV 1"]
[BlackTeam "SF Neuenkirchen 1"]

1. d4 Nf6 2. Nf3 g6 3. Bf4 Bg7 4. e3 O-O 5. Be2 d6 6. O-O c5 7. c3 b6 8. h3 Bb7
9. Nbd2 Nbd7 10. a4 a6 11. Bh2 Rc8 12. Qb3 Rc7 13. Rfd1 Qa8 14. Ne1 cxd4 15.
exd4 Rfc8 16. Bf3 Bh6 17. Bxb7 Qxb7 18. Nd3 Qd5 19. a5 Qxb3 20. Nxb3 b5 21. Nb4
Nb8 22. Nc1 Bxc1 23. Rdxc1 Nc6 24. Nxa6 Ra7 25. Nb4 Nxb4 26. cxb4 Rxc1+ 27.
Rxc1 Nd5 28. Rc8+ Kg7 29. Rb8 Nc7 30. Bf4 Kf6 31. Be3 Ra8 32. Rb7 Rc8 33. Kf1
Ke6 34. Ke2 Kd5 35. Kd3 Kc6 36. Rb6+ Kd7 37. g4 Ra8 38. Ke4 Ra6 39. Rxa6 Nxa6
40. Bd2 e6 41. d5 Nc7 42. dxe6+ Kxe6 43. Kd4 Na6 44. f3 f6 45. Be1 Nc7 46. Ke4
Na6 47. Kd4 Nc7 48. Ke4 1/2-1/2

[Event "Bochumer SV 1 - SF Neuenkirchen 1"]
[Site "NRW-Klasse, Gruppe 1 2016/201"]
[Date "2017.03.26"]
[Round "8.7"]
[White "Scho, Christian"]
[Black "Pewny, Uwe"]
[Result "1/2-1/2"]
[WhiteElo "2088"]
[BlackElo "2204"]
[PlyCount "49"]
[EventDate "2017.??.??"]
[WhiteTeam "SF Neuenkirchen 1"]
[BlackTeam "Bochumer SV 1"]

1. Nf3 Nf6 2. c4 g6 3. b4 Bg7 4. Bb2 d6 5. g3 O-O 6. Bg2 e5 7. d3 a5 8. b5 Nbd7
9. Nc3 Re8 10. Qc2 Nc5 11. O-O Bf5 12. Nh4 Bd7 13. Ba3 Qc8 14. Bxc5 dxc5 15.
Rfd1 Rb8 16. Rab1 b6 17. Nf3 h6 18. Nd2 Nh7 19. Nd5 Qd8 20. Rf1 Ng5 21. Nf3 Ne6
22. e3 Bc8 23. Rbd1 Kh8 24. Ne1 Bb7 25. f4 1/2-1/2

[Event "Bochumer SV 1 - SF Neuenkirchen 1"]
[Site "NRW-Klasse, Gruppe 1 2016/201"]
[Date "2017.03.26"]
[Round "8.8"]
[White "Jellinghaus, Lars"]
[Black "Beckmann, Klaus"]
[Result "1/2-1/2"]
[WhiteElo "2087"]
[BlackElo "2083"]
[Annotator "Daniel"]
[PlyCount "120"]
[EventDate "2017.??.??"]
[WhiteTeam "Bochumer SV 1"]
[BlackTeam "SF Neuenkirchen 1"]

1. d4 Nf6 2. c4 e6 3. Nc3 d5 4. cxd5 Nxd5 5. e4 Nxc3 6. bxc3 c5 7. a3 cxd4 8.
cxd4 e5 9. dxe5 Qa5+ 10. Qd2 Qxe5 11. Bb2 Qxe4+ 12. Be2 Nc6 13. Nf3 Be7 14. O-O
O-O 15. Bd3 Qg4 16. Qc2 Qh5 17. Rfe1 Be6 18. Bc3 Rfd8 19. Be4 Bf8 20. Rab1 Rac8
$11 21. Qa4 Rc7 22. Rb5 f5 23. Bc2 a6 24. Rxb7 Rxb7 25. Rxe6 Nb8 26. Re5 Qg4
27. Qa5 Nc6 28. Qxa6 Nxe5 29. Qxb7 Nxf3+ 30. Qxf3 Qxf3 31. gxf3 Bxa3 32. Bxf5
Bc5 33. Kg2 Kf7 34. Be4 g6 35. h4 Bd4 36. Bd2 Bf6 37. Bg5 Ke6 38. Kg3 Rd1 39.
Bc2 Ra1 40. Bb3+ Ke7 41. Bc2 Ra2 42. Bd3 Ra3 43. Be4 Ke6 44. Be3 Ra1 45. h5
gxh5 46. Bxh7 Rg1+ 47. Kh3 Rh1+ 48. Kg2 Ra1 49. Bg6 Ra5 50. f4 h4 51. Be4 Ra4
52. Bc2 Ra3 53. Be4 Rc3 54. Kh3 Bd4 55. Kxh4 Bxe3 56. fxe3 Rxe3 57. Bb1 Kf6 58.
Kg4 Rb3 59. Be4 Ra3 60. Bc2 Rc3 1/2-1/2

[Event "SF Katernberg 2 - PSV Duisburg 1"]
[Site "NRW-Klasse, Gruppe 1 2016/201"]
[Date "2017.03.26"]
[Round "8.1"]
[White "Wengenroth, Walter"]
[Black "Wessendorf, Thomas"]
[Result "1-0"]
[WhiteElo "2213"]
[BlackElo "2213"]
[Annotator "Daniel"]
[PlyCount "89"]
[EventDate "2017.??.??"]
[WhiteTeam "PSV Duisburg 1"]
[BlackTeam "SF Katernberg 2"]

1. e4 c5 2. Nf3 d6 3. Bb5+ Nc6 4. Bxc6+ bxc6 5. O-O Bg4 6. h3 Bh5 7. e5 d5 8.
g4 Bg6 9. e6 Qd6 10. Re1 Nf6 11. d3 fxe6 12. Ne5 Nd7 13. Bf4 Nxe5 14. Bxe5 Qd7
15. Nd2 Qb7 16. Nb3 Qb6 17. Qd2 h5 18. Kg2 hxg4 19. hxg4 Qb4 20. Qxb4 cxb4 21.
a3 bxa3 22. Rxa3 Bf7 23. Rea1 Rh4 24. Rxa7 Rxa7 25. Rxa7 Bg8 26. Kg3 g5 27. Rc7
Rh1 28. Rxc6 Re1 29. Bc3 Rg1+ 30. Kh3 e5 31. Bxe5 Re1 32. d4 Rb1 $11 33. Nd2
Rxb2 34. Nf3 Kd7 35. Rc7+ Kd8 36. Ra7 Rxc2 37. Ra8+ Rc8 38. Rxc8+ Kxc8 39. Nxg5
Kd7 40. Kh4 Ke8 41. Kh5 e6 42. Kg6 Kd7 43. f4 Ke8 44. f5 exf5 45. gxf5 1-0

[Event "SF Katernberg 2 - PSV Duisburg 1"]
[Site "NRW-Klasse, Gruppe 1 2016/201"]
[Date "2017.03.26"]
[Round "8.2"]
[White "Rosen, Bernd"]
[Black "Heisel, Guido"]
[Result "1-0"]
[WhiteElo "2238"]
[BlackElo "2075"]
[PlyCount "77"]
[EventDate "2017.??.??"]
[WhiteTeam "SF Katernberg 2"]
[BlackTeam "PSV Duisburg 1"]

1. Nf3 d5 2. c4 d4 3. g3 g6 4. d3 Bg7 5. Bg2 h5 6. h4 Nh6 7. Nbd2 O-O 8. b4 e5
9. Rb1 Nd7 10. Nb3 f5 11. Ng5 Nf6 12. Nc5 Qe7 13. Bxb7 Bxb7 14. Nxb7 f4 15.
gxf4 exf4 16. Nc5 Nfg4 17. Nce4 Nf5 18. Qa4 Bh6 19. Qc6 Bxg5 20. Qxg6+ Ng7 21.
hxg5 Qe8 22. Qxe8 Raxe8 23. f3 Ne3 24. Bxe3 fxe3 25. Nf6+ Kf7 26. Nxe8 Rxe8 27.
Rb3 Re6 28. Ra3 a6 29. Ra5 Rb6 30. a3 Kg6 31. f4 Nf5 32. Rxh5 Kxh5 33. Rxf5 Kg4
34. Rd5 Kxf4 35. Rxd4+ Kxg5 36. Re4 c5 37. Rxe3 cxb4 38. axb4 Rxb4 39. Kd2 1-0

[Event "SF Katernberg 2 - PSV Duisburg 1"]
[Site "NRW-Klasse, Gruppe 1 2016/201"]
[Date "2017.03.26"]
[Round "8.3"]
[White "Sirringhaus, Wilfried"]
[Black "Bee, Marcus"]
[Result "1/2-1/2"]
[WhiteElo "2114"]
[BlackElo "2116"]
[Annotator "Daniel"]
[PlyCount "99"]
[EventDate "2017.??.??"]
[WhiteTeam "PSV Duisburg 1"]
[BlackTeam "SF Katernberg 2"]

1. e4 g6 2. d4 Bg7 3. Nc3 c6 4. Be3 d5 5. Nf3 dxe4 6. Ng5 Nf6 7. Bc4 O-O 8.
Ncxe4 Nxe4 9. Nxe4 Nd7 10. Qd2 a5 11. O-O Nb6 12. Be2 Nd5 13. Bh6 Nf6 14. Nxf6+
exf6 15. Rad1 Qb6 16. b3 Rd8 17. c4 Be6 18. Be3 Qb4 19. Qb2 f5 20. a3 Qe7 21.
Qc1 f4 22. Bxf4 Rxd4 23. Bg5 Qd7 24. Rxd4 Qxd4 25. Rd1 Qb2 26. Qxb2 Bxb2 27. a4
Kg7 $11 28. Kf1 Be5 29. Bd8 Kf8 30. Bb6 Ke8 31. Bf3 Bf6 32. h3 Bd8 33. Bd4 Be7
34. Bc3 Bb4 35. Bxb4 axb4 36. Bg4 f5 37. Bf3 Rd8 38. Rxd8+ Kxd8 39. Ke2 Kc7 40.
Ke3 Kd6 41. Kf4 h6 42. h4 b6 43. g3 Bd7 44. Be2 c5 45. Bd3 Ke6 46. g4 Kf6 47.
g5+ hxg5+ 48. hxg5+ Ke6 49. Ke3 Ke5 50. f4+ 1/2-1/2

[Event "SF Katernberg 2 - PSV Duisburg 1"]
[Site "NRW-Klasse, Gruppe 1 2016/201"]
[Date "2017.03.26"]
[Round "8.4"]
[White "Gassmann, Volker"]
[Black "Brueggemann, Josef"]
[Result "1-0"]
[WhiteElo "2084"]
[BlackElo "1945"]
[PlyCount "71"]
[EventDate "2017.??.??"]
[WhiteTeam "SF Katernberg 2"]
[BlackTeam "PSV Duisburg 1"]

1. d4 d5 2. c4 dxc4 3. e4 e5 4. Nf3 exd4 5. Qxd4 Nc6 6. Qxd8+ Nxd8 7. Nc3 Bb4
8. Bd2 c6 9. Bxc4 Be6 10. Be2 Nf6 11. O-O O-O 12. e5 Nd7 13. h3 h6 14. Rfe1 f6
15. exf6 Nxf6 16. a3 Ba5 17. b4 Bb6 18. Na4 Bc7 19. Nc5 Bc8 20. Bc4+ Nd5 21.
Nd4 Bb6 22. Rad1 a5 23. Re5 Kh8 24. Bxd5 Bc7 25. Rh5 cxd5 26. Rxd5 Nc6 27. Nde6
Bxe6 28. Nxe6 Rf7 29. b5 Nd8 30. Nxc7 Rxc7 31. Bf4 Rcc8 32. Re1 Rc4 33. Re8+
Kh7 34. Be3 Rcc8 35. Rd7 Kg6 36. Ree7 1-0

[Event "SF Katernberg 2 - PSV Duisburg 1"]
[Site "NRW-Klasse, Gruppe 1 2016/201"]
[Date "2017.03.26"]
[Round "8.5"]
[White "Spitzer, Erwin"]
[Black "Kaeding, Rainer"]
[Result "0-1"]
[WhiteElo "1885"]
[BlackElo "2117"]
[Annotator "Daniel"]
[PlyCount "104"]
[EventDate "2017.??.??"]
[WhiteTeam "PSV Duisburg 1"]
[BlackTeam "SF Katernberg 2"]

1. e4 c5 2. Nf3 e6 3. d4 cxd4 4. Nxd4 Nc6 5. Be3 Nf6 6. Nd2 d5 7. Nxc6 bxc6 8.
e5 Nd7 9. f4 Bc5 10. Bxc5 Nxc5 11. Nb3 Qb6 12. Nxc5 Qxc5 13. Qd2 $11 O-O 14.
O-O-O Rb8 15. Bd3 Qb6 16. c3 Ba6 17. Bb1 f6 18. exf6 Rxf6 19. g3 e5 20. f5 e4
21. g4 g6 22. b3 gxf5 23. Qf4 Rbf8 24. g5 Rg6 25. Rd4 Qb8 26. Qxb8 Rxb8 27. c4
dxc4 28. bxc4 Rxg5 29. Kc2 c5 30. Rd7 Bxc4 31. Kc3 Be2 32. Rxa7 Rg7 33. Ra5 Rb5
34. Ra8+ Kf7 35. a4 Rb6 36. Rc8 c4 37. Bc2 Kf6 38. Re1 Bd3 39. a5 Ra6 40. Rc5
Re7 41. Rb1 Re5 42. Rc7 Raxa5 43. Bxd3 cxd3 44. Rxh7 Re6 45. Kd4 Rd6+ 46. Ke3
Ke5 47. Re7+ Re6 48. Rxe6+ Kxe6 49. Kf4 Rd5 50. Rb6+ Kd7 51. Rb1 d2 52. Rd1 Ke6
0-1